| 000 | 01245nam0a2200313 4500 | ||
|---|---|---|---|
| 001 | RU\NLR\bibl\557780 | ||
| 005 | 20260406105044.0 | ||
| 021 |
_aRU _b2004-16438 _9848 |
||
| 035 | _a(NLR Aleph) 000549918 | ||
| 090 |
_a1465999 _c1465999 |
||
| 100 | _a20041001d2004 |||y0rusy50 ca | ||
| 101 | 0 | _arus | |
| 102 | _aRU | ||
| 105 | _aa ||||||||| | ||
| 200 | 1 |
_aТы - адмирал Нахимов _eКн.-игра для детей сред. и ст. шк. возраста _e6 эпизодов _fАвт. текста Алексей Михайлов _gХудож. Игорь Сакуров |
|
| 210 |
_aМ. _cНаша шк. _d2004 |
||
| 215 |
_a[16] с. _cцв. ил. _d29 |
||
| 311 | _aПрил. к журн. "Наша школа" | ||
| 422 | 0 |
_12001#$aНаша школа _tНаша школа |
|
| 686 | _aШ991 | ||
| 700 | 1 |
_4070 _7ca _8rus _aМихайлов _bА. _cдет. писатель _gАлексей _94960 _3RU\NLR\AUTH\7721899 |
|
| 702 | 1 |
_4040 _7ca _8rus _aСакуров _bИ. А. _cхудожник _f1963- _gИгорь Анатольевич _982586 _3RU\NLR\AUTH\7799660 |
|
| 801 | 0 |
_aRU _bNLR _c20041001 _gPSBO |
|
| 801 | 1 |
_aRU _bNLR _c20041001 |
|
| 942 | _cBOOK | ||
| 980 | _aNB | ||